|
|
|
|
| LEADER |
00770nab a2200193 i 4500 |
| 001 |
univ2087 |
| 005 |
20171214090016.0 |
| 008 |
170606s2011 hu o 0|| ger d |
| 040 |
|
|
|a SZTE UnivHistória Repozitórium
|b hun
|
| 041 |
|
|
|a ger
|
| 100 |
1 |
|
|a Bozó Péter
|
| 245 |
1 |
0 |
|a Deutsche Praktikanten in der Gastronomie in Szeged
|h [elektronikus dokumentum] :
|b Gastschüler aus München /
|c Bozó Péter
|
| 260 |
|
|
|c 2011
|
| 300 |
|
|
|a 56
|
| 490 |
0 |
|
|a GeMa : Germanistisches Magazin : Studentenzeitung des Instituts für Germanistik an der Universität Szeged
|v 11 No. 1
|
| 561 |
|
|
|a Egyetemi, hallgatói élet
|
| 695 |
|
|
|a Társadalomtudomány, Művelődés
|
| 700 |
0 |
1 |
|a Bús Attila
|e aut
|
| 856 |
4 |
0 |
|u http://univ.bibl.u-szeged.hu/2087/1/gema_2011_001_056.pdf
|z Dokumentum-elérés
|